Statystyki dla Największe miasta w Arabii Saudyjskiej

Kliknij tutaj aby rozwiązać quiz!

Ogólne statystyki

  • Ten quiz został rozwiązany 111 razy
  • Średni wynik to 3 z 20

Statystyki odpowiedzi

MiastoLiczba ludności% Poprawnych
Rijad6 506 700
89%
Mekka1 919 900
82%
Medyna1 271 800
62%
Dżudda3 976 400
33%
Tabuk609 000
14%
Ad-Dammam975 800
11%
At-Ta’if1 109 800
9%
Burajda658 600
9%
Ha’il441 900
7%
Janbu320 800
7%
Abha392 500
6%
Al-Hufuf1 136 900
6%
Chamis Muszajt549 000
3%
Al-Chubar626 200
2%
Al-Dżubajl411 700
2%
Nadżran352 900
2%
Al-Katif559 300
1%
Al-Chardż404 100
0%
Al-Kunfuza304 400
0%
Hafr al-Batin416 800
0%

Rozkład punktacji

Percentyl według liczby udzielonych odpowiedzi

Procent ludzi z każdym wynikiem

Twoja historia wyników

Nie rozwiązałeś tego quizu